Statistics for The Kanye West Quiz

Click here to take the quiz!

General Stats

  • This quiz has been taken 22,523 times
    (15,348 since last reset)
  • The average score is 20 of 25

Answer Stats

HintAnswer% Correct
Who is his wife?Kim Kardashian
96%
AlbumYe
93%
Whose acceptance speech did he interrupt at the
MTV music video awards?
Taylor Swift
93%
What are the names of his children?North
91%
AlbumThe College {Dropout}
90%
AlbumLife of {Pablo}
89%
Who should have won the award, according to Kanye?Beyoncé
89%
What type of animal appears on many of his album covers?Bear
87%
AlbumMy Beautiful Dark
Twisted {Fantasy}
87%
What song is about women who date men because of their wealth?Gold Digger
87%
Who did he collaborate with on "Watch the Throne"?Jay-Z
85%
Album808s & {Heartbreak}
85%
What mental disorder has he been diagnosed with?Bipolar Disorder
83%
AlbumLate {Registration}
83%
What female rapper was featured on the song "Monster"?Nicki Minaj
82%
What 2004 song was about Christianity?Jesus {Walks}
82%
What did he say on that occasion?I'mma let you {finish}
80%
What is his nickname?Yeezy
76%
Who, according to Kanye West, doesn't care about black people?George Bush
75%
AlbumYeezus
75%
AlbumGraduation
73%
What is the name of the duo featuring Kanye and Kid Cudi?Kids See Ghosts
71%
What are the names of his children?Saint
68%
What are the names of his children?Chicago
57%
What is his middle name?Omari
48%

Score Distribution

Percentile by Number Answered

Percent of People with Each Score

Your Score History

You have not taken this quiz since the last reset